Concentrate Q & A : criminal law (Record no. 84905)

MARC details
000 -LEADER
fixed length control field 00716 a2200253 4500
003 - CONTROL NUMBER IDENTIFIER
control field CBULib
005 - DATE AND TIME OF LATEST TRANSACTION
control field 20240418133941.0
008 - FIXED-LENGTH DATA ELEMENTS--GENERAL INFORMATION
fixed length control field 240418b |||||||| |||| 00| 0 eng d
020 ## - INTERNATIONAL STANDARD BOOK NUMBER
International Standard Book Number 9780198817505
040 ## - CATALOGING SOURCE
Language of cataloging English
Transcribing agency CBULib
Description conventions rda
041 ## - LANGUAGE CODE
Language code of text/sound track or separate title eng
050 ## - LIBRARY OF CONGRESS CALL NUMBER
Classification number KD 91 All
100 ## - MAIN ENTRY--PERSONAL NAME
Personal name Allen, Mischa
245 ## - TITLE STATEMENT
Title Concentrate Q & A : criminal law
Statement of responsibility, etc / by Mischa Allen
250 ## - EDITION STATEMENT
Edition statement Second edition
260 ## - PUBLICATION, DISTRIBUTION, ETC. (IMPRINT)
Name of publisher, distributor, etc Oxford University Press,
Date of publication, distribution, etc 2018
Place of publication, distribution, etc Oxford :
300 ## - PHYSICAL DESCRIPTION
Extent xii, 227 pages : illustrations
336 ## - CONTENT TYPE
Source rdacontent
Content type term Text |
Content type code txt
337 ## - MEDIA TYPE
Source rdamedia
Media type term Unmediated |
Media type code n
338 ## - CARRIER TYPE
Source rdacarrier
Carrier type term Volume
Carrier type code nc
650 #0 - SUBJECT ADDED ENTRY--TOPICAL TERM
9 (RLIN) 490
Topical term or geographic name as entry element CRIMINAL LAW
650 #0 - SUBJECT ADDED ENTRY--TOPICAL TERM
9 (RLIN) 42
Topical term or geographic name as entry element GREAT BRITAIN
942 ## - ADDED ENTRY ELEMENTS (KOHA)
Source of classification or shelving scheme
Koha item type MONOGRAPH
Holdings
Withdrawn status Lost status Source of classification or shelving scheme Damaged status Not for loan Collection code Permanent Location Current Location Shelving location Date acquired Source of acquisition Cost, normal purchase price Total Checkouts Full call number Barcode Date last seen Copy number Price effective from Koha item type
          Main Library Open Access Collection CBU-MAIN LIBRARY, KITWE. CBU-MAIN LIBRARY, KITWE. General Stacks 04/18/2024 DON-BOOKAID 7.00   KD 91 All 752653 01/30/2025 1 04/18/2024 MONOGRAPH